LAZ. Método graduado de solfeo.

Zapisane w:
Opis bibliograficzny
1. autor: Lambert, Juan B (autor)
Kolejni autorzy: Alfonso, Federico (autor), Zamacois, Joaquín (autor)
Format: Książka
Język:hiszpański
Wydane: Barcelona, España: Música Boileau, 1941.
Hasła przedmiotowe:
Etykiety: Dodaj etykietę
Nie ma etykietki, Dołącz pierwszą etykiete!

MARC

LEADER 00000nam a2200000 a 4500
001 UCM0287
003 CL-VaPUC
005 20250321101905.0
008 020125t19410000SP |||||||||||||||||spa|d
999 |c 299254  |d 299252 
020 |a 978-84-8020-709-6 
040 |c Pontificia Universidad Católica de Valparaíso 
082 0 4 |a 781.4212 LAM 1941  |2 21 
100 |a Lambert, Juan B  |e autor  |9 467001 
245 1 0 |a LAZ. Método graduado de solfeo. 
250 |b Edición sin acompañamiento. 
260 |a Barcelona, España:  |b  Música Boileau,  |c 1941. 
300 |a 5 Libros  
500 |a c.4-9 Libro I (Volumen I): Instituto Arcos. 08-01-2025. 
500 |a Lecciones originales. Canciones populares, españolas y extranjeras. Composiciones de Beethoven, Bizet, Boccherini, Corelli, Chopin, Gluck, Handel, Haydn, Marini, Mendelssohn, Mozart, Rameau, Schubert, Schumann, Wagner, Weber, etc. 
505 |a Materias que integran los libros LAZ: 1er Libro. Claves de Sol y Fa en 4ª. Compases 4/4, 3/4, 2/4, 3/8, 2/2 y 6/8. - Tonalidades hasta dos alteraciones en la armadura. - Práctica de las alteraciones simples. - Valores hasta combinaciones fáciles de semicorcheas. 2do Libro. Claves de Sol y Fa en 4ª. Compases 9/8, 12/8, 4/2, 3/2 y 6/4. - Tonalidades hasta cuatro alteraciones en la armadura. - Valores hasta tresillos de semicorchea. 3er. Libro. Claves de Sol y Fa en 4ª. Compases 9/4, 12/4, 4/8, 2/8, 6/16, 9/16 y 12/16. - Tonalidades hasta cinco alteraciones en la armadura. - Intervalos aumentados y disminuidos. - Práctica de las alteraciones dobles. - Valores hasta fusas. 4to. Libro. Clave de Sol y Fa en 4ª. Compases de amalgama. Dosillos, cinquillos, etc. Cambios de movimientos y de compás. - Tonalidades hasta siete alteraciones en la armadura. - Práctica de la armonía. - Valores: semifusas y de toda clase de combinaciones rítmicas. - Notas de adorno. 5to. Libro. Estudio de las claves de Do en 1ª, 2ª, 3ª y 4ª línea y de Fa en 3ª línea. - Estudio de los cambios de clave instrumentales y generales. 
583 |a last modification  |c 20020125 00:00:00  |k Rodrigo Vera 
650 0 |a Solfeo  |9 460401  |v Partituras  |x Estudio y enseñanza 
650 0 |a Solfeo  |9 460401  |v Partituras  |x Prácticas de entonación 
700 |a Alfonso, Federico  |e autor  |9 467002 
700 |a Zamacois, Joaquín  |e autor  |9 458773 
942 |c BK  |2 ddc  |n 0 
945 |d 20020125 00:00:00  |a lriquelm 
952 |0 0  |1 0  |4 0  |6 781_421200000000000_LAM_1941  |7 0  |8 A  |9 355541  |a BIBEDU  |b BIBEDU  |d 2019-11-21  |h v.1  |i 1156721  |o 781.4212 LAM 1941  |p 1156721  |r 2023-01-12  |w 2019-11-21  |y BK  |k MUS 
952 |0 0  |1 0  |4 0  |6 781_421200000000000_LAM_1941  |7 0  |8 A  |9 355542  |a BIBEDU  |b BIBEDU  |d 2019-11-21  |h v.1  |i 115673K  |o 781.4212 LAM 1941  |p 115673K  |r 2023-01-12  |w 2019-11-21  |y BK  |k MUS 
952 |0 0  |1 0  |4 0  |6 781_421200000000000_LAM_1941  |7 0  |8 A  |9 355543  |a BIBEDU  |b BIBEDU  |d 2019-11-21  |h v.1  |i 1156748  |o 781.4212 LAM 1941  |p 1156748  |r 2023-01-12  |w 2019-11-21  |y BK  |k MUS 
952 |0 0  |1 0  |4 0  |6 781_421200000000000_LAM_1941  |7 0  |8 A  |9 355544  |a BIBEDU  |b BIBEDU  |d 2019-11-21  |h v.2  |i 1156756  |o 781.4212 LAM 1941  |p 1156756  |r 2023-01-12  |w 2019-11-21  |y BK  |k MUS 
952 |0 0  |1 0  |4 0  |6 781_421200000000000_LAM_1941  |7 0  |8 A  |9 355545  |a BIBEDU  |b BIBEDU  |d 2019-11-21  |h v.2  |i 1156764  |o 781.4212 LAM 1941  |p 1156764  |r 2023-01-12  |w 2019-11-21  |y BK  |k MUS 
952 |0 0  |1 0  |4 0  |6 781_421200000000000_LAM_1941  |7 0  |8 A  |9 355546  |a BIBEDU  |b BIBEDU  |d 2019-11-21  |h v.2  |i 1156772  |o 781.4212 LAM 1941  |p 1156772  |r 2023-01-12  |w 2019-11-21  |y BK  |k MUS 
952 |0 0  |1 0  |4 0  |6 781_421200000000000_LAM_1941  |7 0  |8 A  |9 355547  |a BIBEDU  |b BIBEDU  |d 2019-11-21  |h v.2  |i 1156780  |o 781.4212 LAM 1941  |p 1156780  |r 2023-01-12  |w 2019-11-21  |y BK  |k MUS 
952 |0 0  |1 0  |4 0  |6 781_421200000000000_LAM_1941  |7 0  |8 A  |9 355548  |a BIBEDU  |b BIBEDU  |d 2019-11-21  |h v.3  |i 1156799  |o 781.4212 LAM 1941  |p 1156799  |r 2023-01-12  |w 2019-11-21  |y BK  |k MUS 
952 |0 0  |1 0  |4 0  |6 781_421200000000000_LAM_1941  |7 0  |8 A  |9 355549  |a BIBEDU  |b BIBEDU  |d 2019-11-21  |h v.3  |i 1156802  |o 781.4212 LAM 1941  |p 1156802  |r 2023-01-12  |w 2019-11-21  |y BK  |k MUS 
952 |0 0  |1 0  |4 0  |6 781_421200000000000_LAM_1941  |7 0  |8 A  |9 355550  |a BIBEDU  |b BIBEDU  |d 2019-11-21  |h v.3  |i 1156810  |o 781.4212 LAM 1941  |p 1156810  |r 2023-01-12  |w 2019-11-21  |y BK  |k MUS 
952 |0 0  |1 0  |4 0  |6 781_421200000000000_LAM_1941  |7 0  |8 A  |9 355551  |a BIBEDU  |b BIBEDU  |d 2019-11-21  |h v.3  |i 1156829  |o 781.4212 LAM 1941  |p 1156829  |r 2023-01-12  |w 2019-11-21  |y BK  |k MUS 
952 |0 0  |1 0  |4 0  |6 781_421200000000000_LAM_1941  |7 0  |8 A  |9 355552  |a BIBEDU  |b BIBEDU  |d 2019-11-21  |h v.4  |i 1156837  |o 781.4212 LAM 1941  |p 1156837  |r 2023-01-12  |w 2019-11-21  |y BK  |k MUS 
952 |0 0  |1 0  |4 0  |6 781_421200000000000_LAM_1941  |7 0  |8 A  |9 355553  |a BIBEDU  |b BIBEDU  |d 2019-11-21  |h v.4  |i 1156845  |o 781.4212 LAM 1941  |p 1156845  |r 2023-01-12  |w 2019-11-21  |y BK  |k MUS 
952 |0 0  |1 0  |4 0  |6 781_421200000000000_LAM_1941  |7 0  |8 A  |9 355554  |a BIBEDU  |b BIBEDU  |d 2019-11-21  |h v.4  |i 1156853  |o 781.4212 LAM 1941  |p 1156853  |r 2023-01-12  |w 2019-11-21  |y BK  |k MUS 
952 |0 0  |1 0  |4 0  |6 781_421200000000000_LAM_1941  |7 0  |8 A  |9 355555  |a BIBEDU  |b BIBEDU  |d 2019-11-21  |h v.4  |i 1156861  |o 781.4212 LAM 1941  |p 1156861  |r 2023-01-12  |w 2019-11-21  |y BK  |k MUS 
952 |0 0  |1 0  |4 0  |6 781_421200000000000_LAM_1941  |7 0  |8 A  |9 355556  |a BIBEDU  |b BIBEDU  |d 2019-11-21  |h v.5  |i 115687K  |o 781.4212 LAM 1941  |p 115687K  |r 2023-01-12  |w 2019-11-21  |y BK  |k MUS 
952 |0 0  |1 0  |4 0  |6 781_421200000000000_LAM_1941  |7 0  |8 A  |9 355557  |a BIBEDU  |b BIBEDU  |d 2019-11-21  |h v.5  |i 1156888  |o 781.4212 LAM 1941  |p 1156888  |r 2023-01-12  |w 2019-11-21  |y BK  |k MUS 
952 |0 0  |1 0  |4 0  |6 781_421200000000000_LAM_1941  |7 0  |8 A  |9 355558  |a BIBEDU  |b BIBEDU  |d 2019-11-21  |h v.5  |i 1156896  |o 781.4212 LAM 1941  |p 1156896  |r 2023-01-12  |w 2019-11-21  |y BK  |k MUS 
952 |0 0  |1 0  |4 0  |6 781_421200000000000_LAM_1941  |7 0  |8 A  |9 355559  |a BIBEDU  |b BIBEDU  |d 2019-11-21  |h v.5  |i 115690K  |o 781.4212 LAM 1941  |p 115690K  |r 2023-01-12  |w 2019-11-21  |y BK  |k MUS 
952 |0 0  |1 0  |2 ddc  |4 0  |6 781_421200000000000_LAM_1941  |7 0  |8 A  |9 600135  |a BIBINC  |b BIBINC  |d 2025-01-30  |e Instituto Arcos  |h L.I  |i 5665019  |l 1  |m 2  |o 781.4212 LAM 1941  |p 5665019  |r 2025-04-21  |s 2025-03-26  |t 4  |w 2025-01-30  |y BK  |k IFP 
952 |0 0  |1 0  |2 ddc  |4 0  |6 781_421200000000000_LAM_1941  |7 0  |8 A  |9 600136  |a BIBINC  |b BIBINC  |d 2025-01-30  |e Instituto Arcos  |h L.I  |i 5665020  |o 781.4212 LAM 1941  |p 5665020  |r 2025-01-30  |t 5  |w 2025-01-30  |y BK  |k IFP 
952 |0 0  |1 0  |2 ddc  |4 0  |6 781_421200000000000_LAM_1941  |7 0  |8 A  |9 600137  |a BIBINC  |b BIBINC  |d 2025-01-30  |e Instituto Arcos  |h L.I  |i 5665021  |o 781.4212 LAM 1941  |p 5665021  |r 2025-01-30  |t 6  |w 2025-01-30  |y BK  |k IFP 
952 |0 0  |1 0  |2 ddc  |4 0  |6 781_421200000000000_LAM_1941  |7 0  |8 A  |9 600138  |a BIBINC  |b BIBINC  |d 2025-01-30  |e Instituto Arcos  |h L.I  |i 5665022  |l 1  |o 781.4212 LAM 1941  |p 5665022  |r 2025-04-28  |s 2025-04-23  |t 7  |w 2025-01-30  |y BK  |k IFP 
952 |0 0  |1 0  |2 ddc  |4 0  |6 781_421200000000000_LAM_1941  |7 0  |8 A  |9 600139  |a BIBINC  |b BIBINC  |d 2025-01-30  |e Instituto Arcos  |h L.I  |i 5665023  |l 2  |m 1  |o 781.4212 LAM 1941  |p 5665023  |q 2025-04-30  |r 2025-04-23  |s 2025-04-23  |t 8  |w 2025-01-30  |y BK  |k IFP 
952 |0 0  |1 0  |2 ddc  |4 0  |6 781_421200000000000_LAM_1941  |7 0  |8 A  |9 600141  |a BIBINC  |b BIBINC  |d 2025-01-30  |e Instituto Arcos  |h L.I  |i 5665024  |l 3  |o 781.4212 LAM 1941  |p 5665024  |q 2025-05-21  |r 2025-04-21  |s 2025-04-21  |t 9  |w 2025-01-30  |y BK  |k IFP